Belgium: Flags of the Provinces - Statistics

General Stats
  • This quiz has been taken 113 times
  • The average score is 7 of 11
Answer Stats
Picture Answer % Correct
Antwerp
83%
Brussels Capital Region
83%
Luxembourg
73%
East Flanders
72%
Liège
63%
Flemish Brabant
60%
Namur
60%
West Flanders
58%
Limburg
53%
Hainaut
52%
Walloon Brabant
48%
No matching quizzes found
Score Distribution
Percent of People with Each Score
Percentile by Number Answered
Your Score History
You have not taken this quiz